000 00707nam a22002537a 4500
001 BR6004126
003 BR-BrBNA
005 20230928083202.0
007 ta
008 230509b bl.||||| |||| 00| 0 por d
040 _aBR-BrBNA
_bpor
_cBiblioteca Nacional de Agricultura
041 _a(Por)
072 _aU10
090 _ U10 BR6004126
100 1 _aPaterson, D.D.
110 1 _aMinisterio da Agricultura, Rio de Janeiro, GB (Brasil)
_96904
245 1 _aAplicacao da estatistica a experimentacao agricola
260 3 _aRio de Janeiro, GB (Brasil):
_c1946.
300 _a86 p.
500 _a29 tables; 13 ref.
650 _aESTATISTICA
909 _a202309
_bLucia
_c55
_dLucia Elande
942 _cBK
999 _c12035
_d12035